000 00667nam a2200265Ia 4500
005 20260121170213.0
008 008 260114s9999 xx 000 0 eng d
020 _a9789811049262
037 _aEBOOK
040 _aCRL
040 _beng
040 _cCRL
041 _2eng
041 _aeng
084 _qCRL
100 _aR. Venkata Rao, V. Gopalakrishnan, Kumar Abhijeet
_91061053
245 0 _aRecent Developments in Space Law
260 _bSpringer
260 _bSpringer
260 _c2017
856 _uhttps://link.springer.com/openurl?genre=book&isbn=978-981-10-4926-2
942 _cEBOOK
999 _c1626782
_d1626782